| 000 | 00434cam a2200169ua 4500 | ||
|---|---|---|---|
| 041 |
_aeng _h |
||
| 082 |
_a824 _bMAU/VA |
||
| 100 | _aMaugham, Somerset V . | ||
| 245 |
_aVagrant mood: Six essays / _cSomerset V Maugham. _hTextual Documents |
||
| 250 |
_a1 / _b. |
||
| 260 |
_aLondon : _bHeinemann Educational Books Ltd. , _c1952. |
||
| 300 | _a241 ; . | ||
| 504 | _a | ||
| 942 | _cBK | ||
| 999 |
_c3934 _d3934 |
||